| 000 | 00629cam a2200193 i 4500 | ||
|---|---|---|---|
| 005 | 20251214100507.0 | ||
| 008 | 250721s2008 xx gr 000 0 ara d | ||
| 020 | _a9789774560668 | ||
| 082 | 1 | 4 |
_a216.534 _bش ا د |
| 100 | 1 |
_aأبو شادي، خالد _eمؤلف. |
|
| 245 | 1 | 0 |
_aو نطق الحجاب / _cد/ خالد ابو شادي. |
| 264 |
_bالأندلس الجديدة، _c2008. _a[غير معروف]، |
||
| 300 | _a88 صفحه. | ||
| 650 | 1 | 7 | _aالفقه الإسلامي. |
| 650 | 1 | 7 | _aالمرأة المسلمة. |
| 650 | 1 | 7 | _aغطاء الرأس. |
| 942 |
_2ddc _cBK |
||
| 999 |
_c132343 _d132343 |
||